Logo biblioteca
Santa Fe 2917, Rosario, Santa Fe
Lu-Vi 8 a 19.45
+54-341-4232362
bibliotecaeudoro@gmail.com
Facebook Biblioteca Pedagógica
Sitio web

Uso creativo del tiempo y del espacio / (Registro nro. 32482)

Detalles MARC
000 -CABECERA
campo fijo de control de longitud 00980nab a2200241 4500
003 - IDENTIFICADOR DEL NÚMERO DE CONTROL
campo de control AR-RoBPED
005 - FECHA Y HORADE LA ULTIMA TRANSACCION
campo de control 20260331124523.0
008 - ELEMENTOS DE LONGITUD FIJA--INFORMACION GENERAL
campo fijo de control de longitud 260331b |||||||| |||| 00| 0 spa d
040 ## - FUENTE CATALOGADORA
Centro catalogador/agencia de origen AR-RoBPED
041 ## - IDIOMA
Código de idioma para texto/pista de sonido o título independiente spa
100 1# - ENCABEZAMIENTO PRINCIPAL--AUTOR PERSONAL
Nombre de persona Gennari, Lidia R.
9 (RLIN) 30676
Función Profesora de Enseñanza Primaria y licenciada en Psicología
245 1# - TITULO
Título Uso creativo del tiempo y del espacio /
260 ## - PUBLICACION
Lugar Buenos Aires :
Editor Noveduc,
Fecha 2025
300 ## - DESCRIPCION FISICA
Extensión 62-63 p.
500 ## - NOTA GENERAL
Nota general A partir de la experiencia como directora de una escuela primaria, la autora se refiere a la modalidad taller como alternativa a la escuela graduada.
650 #7 - TERMINO DE MATERIA--CONTROLADO
Término controlado EXPERIENCIA PEDAGOGICA
9 (RLIN) 3265
Término controlado DIRECTORES DE ESCUELA
9 (RLIN) 1001
Término controlado APRENDIZAJE
9 (RLIN) 560
Término controlado TALLERES ESCOLARES
9 (RLIN) 370
773 0# - DOCUMENTO FUENTE
Host Biblionumber 20414
Host Itemnumber 41863
Place, publisher, and date of publication Buenos Aires : Noveduc, 1993-
Título Novedades Educativas
Record control number (AR-RoBPED)20414
International Standard Serial Number 03283534
942 ## - ELEMENTOS KOHA
Fuente de clasificación Universal Decimal Classification
Koha tipo de ítem Revistas
Clasificación 37(05)
Signatura librística Nov 86 N° 403 (Ago.2025)
Número Koha k.32482
945 ## - PROCESAMIENTO DE LA INFORMACIÓN LOCAL
Catalogador y fecha mar 03/2026

No hay ítems disponibles.